Statistiques concernant Culture Générale - Série 1788

Cliquez ici pour prendre le quiz!

Statistiques générales

  • Ce quiz a été pris 279 fois
    (264 depuis la dernière actualisation)
  • Le résultat moyen est 4 sur 10

Statistiques - réponses

QuestionRéponse% Correct
Quel département français porte le numéro 32 ?Gers
68%
De quel instrument de musique jouait Orphée, héros de la mythologie grecque ?lyre
68%
Quelle est la capitale du Yémen ?Sana'a
64%
Quelle est la capitale de l'Ouganda ?Kampala
51%
En Inde, comment appelle-t-on l'épouse du raja ?rani
36%
Morceau d'étoffe rouge tendue sur un bâton et dont le matador se sert pour fatiguer le taureau avant l'estocademuleta
29%
Pendant la seconde guerre mondiale, quel nom donnait-on à un camp de prisonniers ?stalag
24%
Dans les années 50, sur quoi étaient assis Jane Sourza et Raymond Soupleix ?banc
15%
Quel nom donne-t-on à la couleur située entre le bleu et le vert ?pers
8%
Coopérative agricole, industrielle ou artisanale qui possède ses propres moyens de production (avant le kolkhoze en Russie).artel
4%

Distribution des résultats

Percentile par nombre de réponses

% des personnes avec chaque résultat

Votre développement - résultats

Vous n’avez pas pris ce quiz depuis la dernière actualisation